[Event "Karaj Alborz Parsa School"]
[Site "Karaj"]
[Date "2017.10.29"]
[Round "4.6"]
[White "Tajalli, Ayein"]
[Black "Shokrian, Abolfazl"]
[Result "1-0"]
[WhiteElo "1138"]
[BlackElo "1340"]
[PlyCount "80"]
[EventDate "2017.10.12"]
[EventType "swiss"]
[EventRounds "9"]
[EventCountry "IRI"]
[SourceTitle "EXT 2024"]
[Source "ChessBase"]
[SourceDate "2023.10.10"]
[SourceVersion "1"]
[SourceVersionDate "2023.10.10"]
[SourceQuality "1"]

1. e4 e5 2. Nf3 Nc6 3. d4 exd4 4. Nxd4 Nxd4 5. Qxd4 d6 6. Nc3 Nf6 7. Bg5 Be7 8. 0-0-0 h6 9. Bf4 0-0 10. e5 Ne8 11. exd6 Nxd6 12. Bxd6 Qxd6 13. Qxd6 Bxd6 14. Nb5 Rd8 15. Nxd6 Rxd6 16. Rxd6 cxd6 17. Bc4 Be6 18. Bxe6 fxe6 19. Rd1 Rd8 20. c4 Rc8 21. Rd4 d5 22. f4 Rxc4+ 23. Rxc4 dxc4 24. Kc2 b5 25. b3 g5 26. g3 gxf4 27. gxf4 Kf7 28. bxc4 bxc4 29. Kc3 Kf6 30. Kxc4 Kf5 31. Kd3 Kxf4 32. Ke2 e5 33. h3 e4 34. a3 h5 35. a4 h4 36. Kf2 e3+ 37. Ke2 a5 38. Ke1 Kg3 39. Ke2 Kxh3 40. Kxe3 Kg2 1-0